Diccionario manual Sopena: enciclopédico e ilustrado
Salvato in:
| Natura: | Libro |
|---|---|
| Lingua: | spagnolo |
| Pubblicazione: |
Barcelona
Ramón Sopena
1956
|
| Soggetti: | |
| Tags: |
Aggiungi Tag
Nessun Tag, puoi essere il primo ad aggiungerne!!
|
MARC
| LEADER | 00000nam a2200000 a 4500 | ||
|---|---|---|---|
| 001 | UCQ8205 | ||
| 003 | CL-VaPUC | ||
| 008 | 981209e19560000SP |||||||||||||||||spa|d | ||
| 082 | 0 | 4 | |a 463 |b DIC |2 21 |
| 245 | 1 | 0 | |a Diccionario manual Sopena: enciclopédico e ilustrado |
| 300 | |a 2 v | ||
| 942 | |c BK | ||
| 945 | |d 19981209 00:00:00 |a cmena | ||
| 260 | |a Barcelona |b Ramón Sopena |c 1956 | ||
| 650 | 0 | |a Diccionarios |9 256200 | |
| 650 | 0 | |a Español |9 255372 | |
| 583 | |a last modification |c 19981209 00:00:00 |k Rodrigo Vera | ||
| 999 | |c 277497 |d 277495 | ||
| 952 | |0 0 |1 0 |4 0 |6 463_000000000000000_DIC_1956 |7 0 |8 F |9 315446 |a BIBEDU |b BIBEDU |d 2019-11-20 |h v.1 |i 1497189 |l 1 |o 463 DIC 1956 |p 1497189 |r 2024-10-08 |s 2024-10-08 |w 2019-11-20 |y BK_F |k LIT | ||
| 952 | |0 0 |1 0 |4 0 |6 463_000000000000000_DIC_1956 |7 0 |8 F |9 315447 |a BIBEDU |b BIBEDU |d 2019-11-20 |h v.2 |i 1497197 |l 1 |o 463 DIC 1956 |p 1497197 |r 2024-10-08 |s 2024-10-08 |w 2019-11-20 |y BK_F |k LIT | ||